Lieder der Beatles - Sudden Death - Statistiken

Allgemein
  • Dieses Quiz wurde 347 mal gespielt
    319 seit der letzten Aktualisierung
  • Das Durchschnittsergebnis liegt bei 10 aus 16
Answers on the Grid
Answers color-coded by a green-red scale on the quiz's grid according to % correct below.
Penny Lane
Can you feel the love tonight
Let it Be
Satisfaction
Ruby Tuesday
Always on my Mind
Ticket to Ride
Get Back
Hey Jude
Atemlos durch die Nacht
Come Together
She Loves You
I Want To Hold Your Hand
Dancing Queen
Michelle
Down Under
Imagine
Livin' Thing
In my Life
Yesterday
Help!
Paint it Black
Eleanor Rigby
Love Me Do
All You Need Is Love
We are the World
Sympathy for the Devil
Angie
Yellow Submarine
Street Fighting Man
 
Antwortstatistiken
Antwort % Korrekt
Let it Be
84%
Yesterday
82%
Hey Jude
81%
Yellow Submarine
81%
Help!
69%
Penny Lane
68%
All You Need Is Love
66%
I Want To Hold Your Hand
65%
Come Together
64%
She Loves You
61%
Love Me Do
60%
Eleanor Rigby
54%
Ticket to Ride
52%
Get Back
49%
Michelle
44%
In my Life
41%
Keine übereinstimmenden Quizze gefunden
Verteilung der Resultate
Anzahl Personen mit jedem Resultat
Perzentil nach korrekt beantworteten Fragen
Ihre Resultats-Entwicklung
Sie haben dieses Quiz seit der letzten Aktualisierung nicht gespielt